Кошки-мышки (Запись № 10002292)

Подробности
000 -МАРКЕР
контрольное поле 01489nam0a2200373 i 4500
001 - ИДЕНТИФИКАТОР ЗАПИСИ
контрольное поле RU\NLR\BIBL_A\010766249
005 - ИДЕНТИФИКАТОР ВЕРСИИ
контрольное поле 20260406075549.0
010 ## - МЕЖДУНАРОДНЫЙ СТАНДАРТНЫЙ НОМЕР КНИГИ (ISBN)
Номер (ISBN) 9785000410486
Тираж 5000
021 ## - НОМЕР ГОСУДАРСТВЕННОЙ РЕГИСТРАЦИИ
Код страны российская федерация
Номер 2015-27462
Номер Листа государственной регистраци 1620
035 ## - ДРУГИЕ СИСТЕМНЫЕ НОМЕРА
Идентификатор записи (NILC)LIBNET\0000465215
035 ## - ДРУГИЕ СИСТЕМНЫЕ НОМЕРА
Идентификатор записи RU/RGDB/BIBL/0000362550
035 ## - ДРУГИЕ СИСТЕМНЫЕ НОМЕРА
Идентификатор записи (NLR Aleph) 010766249
100 ## - ДАННЫЕ ОБЩЕЙ ОБРАБОТКИ
Данные общей обработки 20150526d2014 bc y0rusy50 ca
101 0# - ЯЗЫК РЕСУРСА
Язык текста, звукозаписи и т.д. русский
102 ## - СТРАНА ПУБЛИКАЦИИ ИЛИ ПРОИЗВОДСТВА
Страна публикации российская федерация
105 ## - ПОЛЕ КОДИРОВАННЫХ ДАННЫХ: ТЕКСТОВЫЕ МАТЕРИАЛЫ, МОНОГРАФИЧЕСКИЕ
Кодированные данные о монографическом текстовом документе a z 000gy
200 1# - ЗАГЛАВИЕ И СВЕДЕНИЯ ОБ ОТВЕТСТВЕННОСТИ
Основное заглавие Кошки-мышки
Сведения, относящиеся к заглавию [стихи
-- для дошкольного возраста]
Первые сведения об ответственности Вадим Левин
Последующие сведения об ответственности рис. Алисы Порет
210 ## - ПУБЛИКАЦИЯ, РАСПРОСТРАНЕНИЕ И ДР.
Место издания, распространения и т.д. Москва
Имя издателя, распространителя и т. д. Мелик-Пашаев
Дата издания, распространения и т.д. 2014
215 ## - ФИЗИЧЕСКАЯ ХАРАКТЕРИСТИКА
Специфическое обозначение материала и объем 39, [1] с.
Другие сведения о физической характеристике цв. ил.
Размеры 27
333 ## - ПРИМЕЧАНИЯ ОБ ОСОБЕННОСТЯХ РАСПРОСТРАНЕНИЯ И ИСПОЛЬЗОВАНИЯ
Текст примечания 0+
606 1# - НАИМЕНОВАНИЕ ТЕМЫ КАК ПРЕДМЕТ
Наименование темы Стихи о животных
Тематический подзаголовок Кошки
Код системы rgdb
Идентификатор авторитетной/нормативной записи RU\RGDB\RUSMARC\AF\PT\5758
686 ## - ИНДЕКСЫ ДРУГИХ КЛАССИФИКАЦИЙ
Индекс Д
Издание Таблицы для детских и школьных библиотек
Код системы
686 0# - ИНДЕКСЫ ДРУГИХ КЛАССИФИКАЦИЙ
Индекс Ш9(2)60=Р7-5
700 #1 - ИМЯ ЛИЦА - ПЕРВИЧНАЯ ОТВЕТСТВЕННОСТЬ
Материалы, к которым относится поле rus
Графика поля Кириллица
Начальный элемент ввода Левин
Часть имени, кроме начального элемента ввода В. А.
Дополнения к именам, кроме дат писатель, психолог
Даты 1933-
Расширение инициалов личного имени Вадим Александрович
Идентификатор авторитетной/нормативной записи RU\NLR\AUTH\7738935
Системный номер авторитетной/нормативной записи 21919
702 #1 - ИМЯ ЛИЦА - ВТОРИЧНАЯ ОТВЕТСТВЕННОСТЬ
Код отношения Иллюстратор
Начальный элемент ввода Порет
Часть имени, кроме начального элемента ввода А. И.
Дополнения к именам, кроме дат художник
Даты 1902-1984
Расширение инициалов личного имени Алиса Ивановна
Идентификатор авторитетной/нормативной записи RU\NLR\AUTH\770128008
Системный номер авторитетной/нормативной записи 127982
801 #0 - ИСТОЧНИК ЗАПИСИ
Страна российская федерация
Организация РГДБ
Дата составления 20140715
801 #1 - ИСТОЧНИК ЗАПИСИ
Страна российская федерация
Организация РГДБ
Дата составления 20140715
801 #2 - ИСТОЧНИК ЗАПИСИ
Страна российская федерация
Организация РГДБ
Дата составления 20140724
Источник данных rusmarc
942 ## - ДОПОЛНИТЕЛЬНЫЕ ЭЛЕМЕНТЫ ЗАПИСИ (АБИС)
Тип экземпляра АБИС Книга
980 ## - КОЛЛЕКЦИЯ
Название коллекции НБР

Нет доступных экземпляров.